LEADER 01227nam a2200217 i 4500 001 000000146177 003 CaOOAMICUS 005 20051220000000.0 008 051220s2005 it u000 u ita u 013 $a122858 040 $aSeMil$bita 100 1 $aCerasa, Amanzio.$0(OLS)http://semarc/name/58173 245 13$aUn viaggio nella musica attraverso l'antica Parrocchia di S. Martino di Castello in Lurate Abbate :$bConsiderazioni storico - musicali in occasione del restauro dell'organo /$cAmanzio Cerasa. 260 $a[Italia] :$bComunità di Castello,$cstampa 2005$e(Olgiate Comasco (Como) :$fGrafiche Salin ,$gstampa 2005) 300 $a109 p. :$bill. ;$c24 cm. 650 4$aLurate Caccivio - Chiese - San Martino di Castello.$0(OLS)http://semarc/subject/28611 850 $aSeMil 852 $aSeMil$W1$xVenegono$y1$m3P III 35$j98874$B98874$CSeMilBibl$Z2$F107212 $81 961 $aOmaggio: Caspani don Pierpaolo 996 $6245$aUn viaggio nella musica attraverso l'antica Parrocchia di S. Martino di Castello in Lurate Abbate :$bConsiderazioni storico - musicali in occasione del restauro dell'organo$9(OLS)http://semarc/title/213760 996 $6260$a[Italia] :$bComunità di Castello$9(OLS)http://semarc/publisher/47705 LEADER 00677nam a2200193 i 4500 001 000000254480 003 CaOOAMICUS 005 20170607000000.0 008 170607s1836 xx u000 u fre u 013 $a233385 040 $aSeMil$bita 245 10$aTome 1. 300 $a300 p. 773 0 $aCapefigue, Jean Baptiste Honoré Raymond <1801-1872>$tGouvernement de juillet, les partis et les hommes politiques.$dBruxelles : Louis Hauman & C., 1836.$g1$w()33751 850 $aSeMil 852 $aSeMil$W1$xVenegono$y1$m3V I 243 FA$j204826$B204826$CSeMilBibl$Z2$F218358 $8I 941 1 $a10 961 $aRecupero: Mantegazza 996 $6245$aTome 1$9(OLS)http://semarc/title/1447 LEADER 00860nam a2200205 i 4500 001 000000065300 003 CaOOAMICUS 005 20240418152209.0 008 150929s1961 it u000 u ita u 013 $a36472 040 $aSeMil$bita 245 10$aAtti del 7. Congresso Nazionale della Democrazia Cristiana. 260 $a[S.l.] :$bCinque Lune,$cstampa 1961$e(Roma :$fArti Grafiche Italiane,$gstampa 1961) 300 $a735 p. ;$c24 cm. 650 4$aDemocrazia Cristiana <1943-1994> - Congressi e convegni.$0(OLS)http://semarc/subject/38488 850 $aSeMil 852 $aSeMil$W1$xVenegono$y1$m3N VI 222$j31453$B31453$CSeMilBibl$Z2$F31456 $81 996 $6245$aAtti del 7. Congresso Nazionale della Democrazia Cristiana$9(OLS)http://semarc/title/103612 996 $6260$a[S.l.] :$bCinque Lune$9(OLS)http://semarc/publisher/41133 LEADER 01103nam a2200265 i 4500 001 000000116846 003 CaOOAMICUS 005 20030701000000.0 008 030701s1995 gw u000 u ger u 013 $a89535 020 $a3-451-23554-4 040 $aSeMil$bita 100 1 $aThissen, Werner.$0(OLS)http://semarc/name/46893 240 00$aDu bist mein Glück.$0(OLS)http://semarc/title/163004 245 10$aEs wandelt, was wir schauen :$bheilende Bilder für den Weg durch das Jahr /$cWerner Thissen. 260 $aFreiburg ; Basel ; Wien :$bHerder,$ccopyr. 1995. 300 $a135 p. :$bill. ;$c25 cm. 500 $aFondo Card. C.M. Martini. 850 $aSeMil 852 $aSeMil$W1$xVenegono$y1$m5M XVI 44$j72251$B72251$CSeMilBibl$Z2$F88780 $81 941 1 $a4 961 $aOmaggio: Martini Card. Carlo Maria 996 $6020$a3-451-23554-4$9(OLS)http://semarc/number/101064 996 $6245$aEs wandelt, was wir schauen :$bheilende Bilder für den Weg durch das Jahr$9(OLS)http://semarc/title/171389 996 $6260$aFreiburg ; Basel ; Wien :$bHerder$9(OLS)http://semarc/publisher/29643